000 01790cam a2200457 i 4500
001 20669014
003 NUST
005 20220829150738.0
006 m |o d |
007 cr_|||||||||||
008 180913s2018 ncu ob 001 0 eng
010 _a 2018044222
020 _a9781478002390
_q(ebook)
020 _z9781478000716
_q(hardcover ;
_qalk. paper)
020 _z9781478000907
_q(paperback ;
_qalk. paper)
038 _aAzhar
040 _aDLC
_beng
_erda
_cDLC
_dDLC
042 _apcc
050 0 0 _aHD69.T54
082 0 0 _a658.4093
_bGRE
100 1 _aGregg, Melissa,
_d1978-
_eauthor.
_998404
245 1 0 _aCounterproductive :
_btime management in the knowledge economy
_cMelissa Gregg.
260 _aDurham :
_bDuke University Press,
_c2018.
300 _a200p
336 _atext
_2rdacontent
337 _acomputer
_2rdamedia
338 _aonline resource
_2rdacarrier
504 _aIncludes bibliographical references and index.
505 0 _aA brief history of time management -- Executive athleticism : time management and the quest for organization -- The aesthetics of activity : productivity and the order of things -- Mindful labor.
563 _aHB
588 _aDescription based on print version record and CIP data provided by publisher.
650 0 _aTime management.
650 0 _aLabor productivity.
_913121
650 0 _aPerformance standards.
_925460
650 0 _aMindfulness (Psychology)
_994994
650 0 _aSuccess in business
_xPsychological aspects.
_998405
776 0 8 _iPrint version:
_aGregg, Melissa, 1978- author.
_tCounterproductive
_dDurham : Duke University Press, 2018
_z9781478000716
_w(DLC) 2018035549
906 _a7
_bcbc
_corigcop
_d1
_eecip
_f20
_gy-gencatlg
942 _2ddc
_cLC
999 _c591293
_d591293